000 nam a22 a 4500
999 _c159559
_d159559
003 BLK
005 20220214185459.0
008 180410b bul|||||r ||||||| ||bul||
010 _aKNG00166730000
040 _aBLK
041 _aBUL
_cBUL
080 _aНемска литература
_b821.112.2
_x-3
_z821.112.2-3
100 1 _aВайзенборн, Гюнтер
_eпърви автор
_944997
139 _aВайзенборн, Гюнтер
_bВ 16
245 1 0 _aМемориал
_b[Спомени, разкази, есета]
_cГюнтер Вайзенборн; прев. от нем. Владимир Мусаков.
257 _aDEU
260 _bНС ОФ
_c1962
_aСофия
300 _a248 с.
_c25 см
380 _aX
500 _a10 100 тир.
700 1 _aМусаков, Владимир
_eпрев. от нем.
_9380775
852 _aЦб 24235
_bЦб
856 4 _qpdf
856 4 _qpdf
942 _cKNG
_n0
_s1
944 _aCR
_c30.10.2014
_l30.10.2014 - от С1,Р / 30.10.2014
_kЕлица_Владова
944 _aED
_c2022-02-14
_l2022-02-14
_kВК
999 _d159559